| 000 | 01132cam a2200289 i 4500 | ||
|---|---|---|---|
| 999 |
_c130040 _d130040 |
||
| 001 | 18816298 | ||
| 003 | ARRUPE | ||
| 005 | 20191114105835.0 | ||
| 008 | 151014e201501 rh a b i000 0 eng | ||
| 010 | _a 2014322917 | ||
| 040 |
_aDLC _beng _cDLC _erda |
||
| 042 |
_alcode _apcc |
||
| 043 | _af-rh--- | ||
| 050 | 0 | 0 |
_aHC792.Z55 _bS58 2015 |
| 245 | 0 | 0 |
_aSituation analysis of children and women in Zimbabwe : _ban update (2011-2014) / _ccompiled by Marcio A. Carvalho, international consultant, Kudzai Chatiza, national consultant. |
| 246 | 1 | 7 |
_aUpdate of the situation analysis of children and women in Zimbabwe : _bJanuary 2015 |
| 260 |
_bUNICEF _c2015 |
||
| 300 |
_axxii, 162 pages : _bcolor illustrations ; _c30 cm |
||
| 504 | _aIncludes bibliographical references (pages 158-162). | ||
| 650 | 0 |
_aChildren _zZimbabwe _xSocial conditions. _948688 |
|
| 650 | 0 |
_aWomen _zZimbabwe _xSocial conditions. _928524 |
|
| 700 | 1 |
_aCarvalho, Marcio A. _948689 |
|
| 700 | 1 |
_aChatiza, Kudzai. _948690 |
|
| 906 |
_a7 _bcbc _corigode _d3 _encip _f20 _gy-gencatlg |
||
| 942 |
_2lcc _cMONOGRAPH |
||